书目信息 |
| 题名: |
台湾经济四十年
|
|
| 作者: | 李宏硕 主编 | |
| 分册: | ||
| 出版信息: | 太原 山西经济出版社 1993.10 |
|
| 页数: | 424页 | |
| 开本: | 20cm | |
| 丛书名: | ||
| 单 册: | ||
| 中图分类: | F127.58 | |
| 科图分类: | ||
| 主题词: | 经济建设--概况--台湾--1949~1989 | |
| 电子资源: | ||
| ISBN: | 7-80577-575-3 | |
| 000 | 00756nam0 2200229 45 | |
| 001 | 0194010202 | |
| 005 | 20061104104005.10 | |
| 010 | @a7-80577-575-3@dCNY12.80 | |
| 100 | @a19940224d1993 em y0chiy0121 ea | |
| 101 | 0 | @achi |
| 102 | @aCN@b140000 | |
| 105 | @ay z 000yy | |
| 200 | 10 | @a台湾经济四十年@ATAI WAN JING JI SI SHI NIAN@f李宏硕主编@FLI HONG SHUO ZHU BIAN |
| 210 | @a太原@c山西经济出版社@d1993.10 | |
| 215 | @a424页@d20cm | |
| 330 | @a本书对1949至1989年40年间台湾经济发展的历程、战略、政策措施及效果等进行了剖析与论述。 | |
| 540 | 1 | @a台湾 经济@ATAI WAN JING JI |
| 606 | @a经济建设@x概况@y台湾@z1949~1989 | |
| 690 | @aF127.58@v三版 | |
| 701 | 0 | @a李宏硕@ALI HONG SHUO@4主编 |
| 801 | 0 | @aCN@bTSSF@c20061104 |
| 905 | @a10447@dF127.58@e28 | |
| 台湾经济四十年/李宏硕主编.-太原:山西经济出版社,1993.10 |
| 424页;20cm |
| ISBN 7-80577-575-3:CNY12.80 |
| 本书对1949至1989年40年间台湾经济发展的历程、战略、政策措施及效果等进行了剖析与论述。 |
| ● |
| 相关链接 |
|
|
|
|
正题名:台湾经济四十年
索取号:F127.58/28
 
预约/预借
| 序号 | 登录号 | 条形码 | 馆藏地/架位号 | 状态 | 备注 |
| 1 | 0269486 | 002057464 | 第一样本阅览室/ [索取号:F127.58/28] | 在馆 |